000
00319nam a2200169Ia 4500
100
_a
Mele/Antonio
650
_a
django
942
_c
BK
366
_f
20
654
_a
django
245
_a
Django by example
260
_b
PACKT
_c
2015
082
_a
4.65
_b
MEL
300
_a
445
546
_a
ENGLISH
999
_c
31319
_d
31319